| 000 | 00890nam a2200265Ia 4500 | ||
|---|---|---|---|
| 003 | OSt | ||
| 005 | 20220923211408.0 | ||
| 006 | a|||||r|||| 00| 0 | ||
| 007 | ta | ||
| 008 | 220922b |||||||| |||| 00| 0 hin d | ||
| 020 |
_a9788190448017 (hbk) _c150 |
||
| 024 | _a263,804 | ||
| 037 |
_b13328, 14/07/2012, Kitab Ghar _cTextual |
||
| 040 |
_aARTS _cARTS _bhin |
||
| 041 |
_2hin _ahin |
||
| 082 | _aO157,3N09,TR, 152Q1 | ||
| 100 |
_aआशापूर्णा देवी _9156263 |
||
| 245 | 0 | _aत्रिपदी | |
| 246 | _aTripadī | ||
| 260 |
_aदिल्ली _b शैल प्रकाशन _c2011 |
||
| 300 |
_a83पृ. _ccm. |
||
| 650 |
_aबंगाली साहित्य _9156264 |
||
| 942 |
_hO157,3N09,TR, 152Q1 _cTEXL _2CC |
||
| 999 |
_c299089 _d299089 |
||